00000000nam 2200000zi 4500
0019.907469
003CaOODSP
00520230922091103
006m     o  d f      
007cr |n|||||||||
008220131s2016    onca    o    f|0| 0 fre d
040 |aCaOODSP|bfre|erda|cCaOODSP
043 |an-cn---
0861 |aR5-778/2016F-PDF
24500|aAvez-vous un testament?
264 1|a[Ottawa] : |bAffaires autochtones et du Nord Canada = Indigenous and Northern Affairs Canada, |c[2016]
300 |a1 ressource en ligne (1 page) : |billustrations
336 |atexte|btxt|2rdacontent/fre
337 |ainformatique|bc|2rdamedia/fre
338 |aressource en ligne|bcr|2rdacarrier/fre
500 |aPublié aussi en anglais sous le titre : Do you have a will?
500 |aTitre de départ.
650 6|aPlanification successorale|zCanada.
7101 |aCanada. |bAffaires autochtones et du Nord Canada, |eorganisme de publication.
77508|tDo you have a will?|w(CaOODSP)9.904827
794 |tAvez-vous un testament?|w(CaOODSP)9.925405
85640|qPDF|s621 Ko|uhttps://publications.gc.ca/collections/collection_2022/rcaanc-cirnac/R5-778-2016-fra.pdf